LEADER 01304nam a2200289 i 4500 001 000000245918 003 CaOOAMICUS 005 20151020000000.0 008 151020s2004 it u000 u ita u 013 $a224823 020 $a88-8227-166-8 040 $aSeMil$bita 100 1 $aTimiadis, Emilianos.$0(OLS)http://semarc/name/23260 245 10$aChiamati alla libertà :$bi fratelli e le sorelle di Bose in dialogo con il metropolita Emilianos di Silyvria /$cEmilianos Timiadis. 260 $aMagnano :$bQiqajon,$c2004. 300 $a167 p. ;$c19 cm. 490 0 $aSpirituali = Pneumatiko 500 $aCon dedica autografa. 650 4$aDialogo cattolico-ortodosso.$0(OLS)http://semarc/subject/21319 650 4$aChiesa cattolica e Chiesa Ortodossa.$0(OLS)http://semarc/subject/12392 830 0$aSpirituali = Pneumatiko.$0(OLS)http://semarc/title/23814 850 $aSeMil 852 $aSeMil$W1$xVenegono$y1$m2K I 52$j196264$B196264$CSeMilBibl$Z2$F207326 $81 961 $aOmaggio: Altro 996 $6020$a88-8227-166-8$9(OLS)http://semarc/number/254650 996 $6245$aChiamati alla libertà :$bi fratelli e le sorelle di Bose in dialogo con il metropolita Emilianos di Silyvria$9(OLS)http://semarc/title/347599 996 $6260$aMagnano :$bQiqajon$9(OLS)http://semarc/publisher/32326 LEADER 01400nam a2200313 4500 001 000000362716 003 CaOOAMICUS 005 20250508105746.0 008 250507s1993 it 000 u ita r 020 $a88-17-11045-0 040 $aSeMil$bita 100 1 $aDi Francesco, Ennio,$d<1942- >.$0(OLS)http://semarc/name/121976 245 13$aUn commissario /$cEnnio Di Francesco ; presentazione di Norberto Bobbio e una nota di Pino Arlacchi. 250 $aNuova edizione integrata 264 1$aMilano :$bBiblioteca Universale Rizzoli,$c1993. 300 $a267 p. ;$c20 cm 490 1 $aBUR 650 4$aDi Francesco, Ennio <1942- > - Autobiografia.$0(OLS)http://semarc/subject/57531 650 4$aPolizia - Italia - Diari e memorie.$0(OLS)http://semarc/subject/57532 700 1 $aArlacchi, Pino,$d<1951- >.$0(OLS)http://semarc/name/53412 700 1 $aBobbio, Norberto,$d<1909-2004>.$0(OLS)http://semarc/name/1206 830 0$aBUR.$0(OLS)http://semarc/title/440060 850 $aSeMil 852 $aSeMil$W1$xVenegono$y1$m3N I 579$j256670$B253620$CSeMilBibl$Z2$F253620 $81 961 $aCaspani don Pierpaolo - Omaggio 996 $6020$a88-17-11045-0$9(OLS)http://semarc/number/303131 996 $6245$aUn commissario$9(OLS)http://semarc/title/453678 996 $6264$aMilano :$bBiblioteca Universale Rizzoli$9(OLS)http://semarc/publisher/31907